000 00470nam a2200133Ia 4500
008 100328s9999 xx 000 0 und d
082 _b37474
100 _aपेंढारकर श्रीकांत
245 _aबाबुराव नावाचे झुंबर
260 _bमोरया
630 _aबाबुराव नावाचे झुंबर
730 _aबाबुराव नावाचे झुंबर
942 _cBOOK
999 _c526890
_d526887